| 000 | 01126nac a22002531u 4500 | ||
|---|---|---|---|
| 010 | _a 70093041 | ||
| 020 | _a0262510065 | ||
| 082 | 0 | 0 |
_a623.82 _bABK |
| 090 |
_c6076 _d6076 |
||
| 100 | _aAbkowitz, Martin A., | ||
| 245 | 1 | 0 |
_aStability and motion control of ocean vehicles; _borganization, development, and initial notes of a course of instruction in the subject _c[by] Martin A. Abkowitz. |
| 260 |
_aCambridge, _bM.I.T. Press,c.[1969] _cc.[1969] |
||
| 300 |
_a1 v. (various pagings) _billus. _c28 cm. |
||
| 440 | 0 |
_a[Ocean engineering series, _v3] |
|
| 500 | _aPrepared under the auspices of the Dept. of Naval Architecture and Marine Engineering, Massachusetts Institute of Technology. | ||
| 500 | _a"National Science Foundation: Sea grant project GH-1." | ||
| 500 | _aDistributer: Al-Ahram. | ||
| 504 | _aIncludes bibliographies. | ||
| 511 | _aCatalogued By: Mahitab. | ||
| 650 | 0 | _aStability of ships. | |
| 650 | 0 |
_aShips _xHydrodynamics. |
|
| 710 | 2 |
_aMassachusetts Institute of Technology. _bDept. of Naval Architecture and Marine Engineering. |
|
| 942 |
_cBB _k623.82ABK |
||
| 999 |
_c6076 _d6076 |
||